[Event "AUTO-ADV-3311"]
[Site "http://www.queenalice.com/game.php?id=1328004"]
[Date "2014.12.13"]
[Round "1"]
[White "sphagnis"]
[Black "luizpessoa"]
[Result "0-1"]
[WhiteElo "1656"]
[BlackElo "1743"]

1. e4 e5 2. Bc4 Bc5 3. Qf3 Nf6 4. d3 d6 5. h3 h6 6. Be3 Bb4+ 7. Bd2 Bxd2+ 8.
Nxd2 Qe7 9. Ne2 a6 10. Ng3 Be6 11. a3 Bxc4 12. Nxc4 Nc6 13. c3 O-O-O 14. Nf5 Qf8
15. O-O g6 16. Ng3 Nd7 17. b4 Nb6 18. Nxb6+ cxb6 19. a4 Kc7 20. Qf6 Ne7 21. a5
b5 22. Rad1 h5 23. d4 exd4 24. Rxd4 Nc6 25. Rd3 Ne5 26. Rd5 h4 27. Ne2 Qe8 28.
Rfd1 Qe6 29. Qxe6 fxe6 30. R5d4 g5 31. f4 gxf4 32. Nxf4 Rhe8 33. Kf2 Nf7 34. Ng6
Rg8 35. Ne7 Rg5 36. Kf3 Rf8 37. Nf5 exf5 38. exf5 Rxf5+ 39. Kg4 Nh6+ 40. Kxh4
Rf4+ 41. Kg5 Rxd4 42. Rxd4 Ng8 43. Rf4 Rxf4 44. Kxf4 Kd7 45. Kf5 Ne7+ 46. Ke4
Ke6 47. g4 Ng6 48. Kd4 d5 49. Ke3 Ke5 50. Kf3 d4 51. cxd4+ Kxd4 52. Kg3 Kc4 53.
h4 Kd5 54. h5 Nh8 55. Kf4 Ke6 56. Kg5 Kf7 57. Kh6 Kg8 58. g5 Nf7+ 59. Kg6 Ne5+
60. Kf5 Nd3 61. Kg6 Nxb4 62. h6 Nd5 63. h7+ Kh8 64. Kf7 Nf4 65. Kf6 Kxh7 66. Kf5
b4 67. Kxf4 b3 68. Kf5 b2 69. g6+ Kg7 70. Kg5 b1=Q 71. Kh5 Qf5+ 72. Kh4 Kxg6 73.
Kg3 Kg5 74. Kg2 Kg4 75. Kh2 Qf4+ 76. Kg2 Qd2+ 77. Kg1 Kg3 78. Kf1 Qf2# 0-1

[Event "AUTO-OPEN-3398"]
[Site "http://www.queenalice.com/game.php?id=1328166"]
[Date "2014.12.14"]
[Round "1"]
[White "Alexandrovinsk"]
[Black "luizpessoa"]
[Result "1-0"]
[WhiteElo "2162"]
[BlackElo "1700"]

1. e4 e5 2. Nf3 d6 3. d4 exd4 4. Nxd4 Nf6 5. Bc4 a6 6. Nc3 Be7 7. O-O b5 8. Bd3
Bg4 9. f3 Bh5 10. g4 Bg6 11. Nf5 Bxf5 12. exf5 h5 13. g5 Nfd7 14. Re1 Ne5 15. f6
gxf6 16. gxf6 Bxf6 17. f4 Bh4 18. fxe5 Rg8+ 19. Kh1 Bxe1 20. Qxe1 Qe7 21. Bf4
dxe5 22. Nd5 Qd8 23. Qxe5+ Qe7 24. Qxe7# 1-0

[Event "AUTO-OPEN-3398"]
[Site "http://www.queenalice.com/game.php?id=1328167"]
[Date "2014.12.14"]
[Round "1"]
[White "luizpessoa"]
[Black "Alexandrovinsk"]
[Result "0-1"]
[WhiteElo "1698"]
[BlackElo "2163"]

1. d4 c5 2. d5 d6 3. e4 Nf6 4. Nc3 g6 5. Bg5 Bg7 6. Nf3 O-O 7. Qd2 a6 8. Bh6 Bg4
9. Bxg7 Kxg7 10. Be2 b5 11. Nh4 Bxe2 12. Qxe2 Nbd7 13. Qe3 Ng4 14. Qg3 Nh6 15.
O-O f5 16. exf5 Nxf5 17. Nxf5+ Rxf5 18. Rae1 Ne5 19. h4 Qf8 20. f4 Nc4 21. b3
Nb6 22. a3 Nxd5 23. Ne4 h6 24. Qh2 Nxf4 25. Re3 Ne2+ 26. Rxe2 Rxf1# 0-1

[Event "AUTO-OPEN-3398"]
[Site "http://www.queenalice.com/game.php?id=1328192"]
[Date "2014.12.14"]
[Round "1"]
[White "luizpessoa"]
[Black "alvm"]
[Result "1-0"]
[WhiteElo "1686"]
[BlackElo "1969"]

1. e4 c6 2. d4 d5 3. e5 Bf5 4. h3 e6 5. Bd3 Bxd3 6. Qxd3 Nd7 7. Nf3 Be7 8. a3 f6
9. Nc3 Qc7 10. Bf4 Qb6 11. b4 a5 12. b5 Rc8 13. a4 c5 14. O-O cxd4 15. Nxd4 fxe5
16. Bxe5 Nxe5 17. Qg3 Qxd4 18. Ne2 Qb2 19. Qxg7 Nf3+ 20. gxf3 Qxg7+ 21. Ng3 1-0

[Event "AUTO-OPEN-3398"]
[Site "http://www.queenalice.com/game.php?id=1328193"]
[Date "2014.12.14"]
[Round "1"]
[White "alvm"]
[Black "luizpessoa"]
[Result "0-1"]
[WhiteElo "1730"]
[BlackElo "1707"]

1. d4 d5 2. c4 dxc4 3. e4 b5 4. b3 cxb3 5. Bxb5+ c6 6. Bc4 bxa2 7. Rxa2 Nf6 8.
Nc3 Bg4 9. f3 Bh5 10. Nge2 e6 11. Bg5 Be7 12. O-O h6 13. Bh4 Nh7 14. Bxe7 Qxe7
15. Nf4 Qg5 16. g3 O-O 17. Bxe6 fxe6 18. Qb3 Rxf4 19. Qxe6+ Kh8 20. Qc8+ Rf8 0-1

[Event "AUTO-OPEN-3398"]
[Site "http://www.queenalice.com/game.php?id=1328194"]
[Date "2014.12.14"]
[Round "1"]
[White "luizpessoa"]
[Black "Spessatto"]
[Result "0-1"]
[WhiteElo "1762"]
[BlackElo "1589"]

1. d4 d5 2. Bf4 Bf5 3. Nc3 e6 4. Nb5 Bd6 5. Qd2 Bxf4 6. Qxf4 Na6 7. e3 Ne7 8.
Nc3 Ng6 9. Qg3 Nb4 10. Bd3 Bxd3 11. cxd3 Nc2+ 12. Kd1 Nxa1 13. Nb5 O-O 14. Kd2
c6 15. Nc3 Qb6 16. Kc1 a5 17. Kb1 Nb3 18. axb3 Qxb3 19. Nge2 a4 20. Qd6 a3 21.
Nc1 Qxb2# 0-1

[Event "AUTO-OPEN-3398"]
[Site "http://www.queenalice.com/game.php?id=1328195"]
[Date "2014.12.14"]
[Round "1"]
[White "Spessatto"]
[Black "luizpessoa"]
[Result "1/2-1/2"]
[WhiteElo "1859"]
[BlackElo "1692"]

1. d4 d5 2. h3 Bf5 3. Bf4 e6 4. Nf3 Nc6 5. c3 Be4 6. e3 Bd6 7. Ne5 Bxe5 8. dxe5
g5 9. Bh2 a6 10. Nd2 Bg6 11. Be2 Qe7 12. Nf3 h6 13. Nd4 Nxd4 14. exd4 h5 15.
Qa4+ Kf8 16. b4 Be4 17. f3 Bf5 18. Rc1 c6 19. Qd1 a5 20. a4 axb4 21. cxb4 Qxb4+
22. Qd2 Qxa4 23. O-O Rh7 24. Qb2 Qa2 25. Qxa2 Rxa2 26. Rfe1 Kg7 27. Ra1 Rd2 28.
Rad1 Rxd1 29. Rxd1 Ne7 30. Kf1 Rh8 31. Ra1 Rb8 32. Ra2 b6 33. Ra7 Ng6 34. Bg1 b5
35. Ke1 b4 36. Ra2 Nf4 37. Bf1 b3 38. Rb2 Bc2 39. Kd2 Rb4 40. Be3 h4 41. Kc3 Rb6
42. Bxf4 gxf4 43. Bd3 Bxd3 44. Kxd3 f6 45. exf6+ Kxf6 46. Kd2 e5 47. Kd3 exd4
48. Kxd4 Ke6 49. Kc5 Ra6 50. Rxb3 Ra2 51. Rb4 Rxg2 52. Rxf4 Rg3 53. Rxh4 Rxf3
54. Kxc6 Rc3+ 55. Kb5 Ke5 56. Kb4 d4 57. Rh8 Rc7 58. Rd8 Ke4 59. Re8+ Kd3 60.
Kb3 Kd2 61. Kb2 d3 62. h4 Kd1 63. h5 d2 64. h6 Rb7+ 65. Ka2 Rc7 66. Kb1 Rc1+ 67.
Kb2 Rc2+ 68. Kb1 Rc7 69. Kb2 Rb7+ 70. Ka2 Rc7 1/2-1/2

[Event "AUTO-OPEN-3310"]
[Site "http://www.queenalice.com/game.php?id=1336564"]
[Date "2015.1.23"]
[Round "2"]
[White "luizpessoa"]
[Black "Lindomar"]
[Result "0-1"]
[WhiteElo "1738"]
[BlackElo "2271"]

1. e4 e5 2. Nf3 Nc6 3. Bc4 Nf6 4. Ng5 d5 5. exd5 Na5 6. Bb5+ c6 7. dxc6 bxc6 8.
Ba4 h6 9. Nf3 e4 10. Qe2 Be6 11. Qa6 exf3 12. Bxc6+ Nxc6 13. Qxc6+ Bd7 14. Qxf3
Be7 15. O-O O-O 16. d3 Qc7 17. c4 Rfe8 18. Nc3 Bc6 19. Nd5 Nxd5 20. cxd5 Bb7 21.
Bf4 Qd7 22. Qg3 Kh8 23. Rfe1 Qxd5 24. Qh3 Bf8 25. Rxe8 Rxe8 26. b3 Re6 27. g4
Qh1# 0-1

[Event "AUTO-OPEN-3310"]
[Site "http://www.queenalice.com/game.php?id=1336565"]
[Date "2015.1.23"]
[Round "2"]
[White "Lindomar"]
[Black "luizpessoa"]
[Result "1-0"]
[WhiteElo "2275"]
[BlackElo "1758"]

1. d4 d5 2. c4 dxc4 3. Nf3 e6 4. Nc3 a6 5. a4 Bb4 6. e4 Nf6 7. Bg5 h6 8. Bxf6
gxf6 9. Bxc4 Bd7 10. O-O Bxc3 11. bxc3 Bc6 12. Re1 Bd7 13. Rb1 b6 14. d5 e5 15.
d6 c6 16. Qb3 b5 17. Bxf7+ Kf8 18. Nh4 Rh7 19. Bh5 f5 20. Ng6+ Kg7 21. Ne7 Kh8
22. exf5 Rxe7 23. dxe7 Qxe7 24. axb5 axb5 25. Bg6 Kg7 26. Ra1 Rxa1 27. Rxa1 Be8
28. Bxe8 Qxe8 29. Ra8 Qd8 30. h3 Qd1+ 31. Qxd1 1-0

[Event "AUTO-OPEN-3310"]
[Site "http://www.queenalice.com/game.php?id=1336566"]
[Date "2015.1.23"]
[Round "2"]
[White "luizpessoa"]
[Black "Artking"]
[Result "0-1"]
[WhiteElo "1756"]
[BlackElo "1821"]

1. d4 Nf6 2. Bg5 e6 3. e4 c5 4. e5 h6 5. dxc5 hxg5 6. exf6 Qxf6 7. Nc3 Bxc5 8.
Qd2 Nc6 9. O-O-O d5 10. Nf3 g4 11. Nb5 gxf3 12. Nc7+ Kd8 13. Nxa8 fxg2 14. Bxg2
Ba3 15. c3 Bd6 16. Kb1 Rh4 17. h3 Na5 18. b3 Qg6+ 19. Kb2 Qxg2 20. Rdg1 Qe4 21.
Qg5+ Be7 22. Qxg7 Qe2+ 23. Ka1 Ba3 24. Qf6+ Kd7 25. Qxf7+ Kc6 26. Qe8+ Bd7 27.
Qxd7+ Kxd7 28. Rb1 Qc2 29. Rhc1 Bxc1 30. b4 Qxc3+ 31. Rb2 Qxb2# 0-1

[Event "AUTO-OPEN-3310"]
[Site "http://www.queenalice.com/game.php?id=1336567"]
[Date "2015.1.23"]
[Round "2"]
[White "Artking"]
[Black "luizpessoa"]
[Result "0-1"]
[WhiteElo "1898"]
[BlackElo "1736"]

1. e4 e5 2. Nf3 d6 3. Bc4 h6 4. c3 a6 5. a4 Bg4 6. d3 Nf6 7. Nbd2 Be7 8. Qb3 O-O
9. Qxb7 Nbd7 10. Qb3 Rb8 11. Qc2 Qc8 12. b4 Nb6 13. Bb3 c6 14. O-O Nh5 15. h3
Bxh3 16. gxh3 Qxh3 17. Nc4 Nxc4 18. Bxc4 Qg4+ 19. Kh2 Qxf3 20. Rg1 Qf6 21. Be3
Nf4 22. Rg3 h5 23. Rag1 Qh4+ 0-1

[Event "AUTO-ADV-3350"]
[Site "http://www.queenalice.com/game.php?id=1340009"]
[Date "2015.2.7"]
[Round "1"]
[White "luizpessoa"]
[Black "Betim_Xadrez"]
[Result "0-1"]
[WhiteElo "1737"]
[BlackElo "1881"]

1. d4 Nf6 2. Bf4 d5 3. e3 e6 4. Bb5+ Bd7 5. Qe2 a6 6. Bxd7+ Nbxd7 7. a3 Be7 8.
Nc3 O-O 9. Qf3 c5 10. dxc5 Nxc5 11. Qg3 Nh5 12. Qg4 Nxf4 13. exf4 Rc8 14. Nf3 d4
15. Ne2 d3 16. Rd1 Bf6 17. Nc3 Bxc3+ 18. bxc3 Qa5 19. O-O dxc2 20. Rc1 Qxc3 21.
Qh4 Nd3 22. Ng5 h6 23. Ne4 Qxa3 24. Rxc2 Rxc2 25. Qg4 f5 26. Nf6+ Rxf6 27. Qh5
Rc1 28. g3 Rxf1+ 29. Kxf1 Qc5 30. Qe8+ Kh7 31. Ke2 Qc2+ 32. Ke3 a5 33. Qb5 Qc5+
34. Qxc5 Nxc5 35. Kf3 g5 36. fxg5 hxg5 37. Kg2 e5 38. h4 gxh4 39. Kf3 Rd6 40.
gxh4 a4 41. Kg3 a3 42. f4 exf4+ 43. Kh3 a2 44. h5 a1=Q 45. h6 Qh1# 0-1

[Event "AUTO-ADV-3350"]
[Site "http://www.queenalice.com/game.php?id=1340010"]
[Date "2015.2.7"]
[Round "1"]
[White "Betim_Xadrez"]
[Black "luizpessoa"]
[Result "1-0"]
[WhiteElo "1684"]
[BlackElo "1723"]

1. e4 e5 2. Nf3 d6 3. d4 exd4 4. Nxd4 Qh4 5. Nc3 Qe7 6. Bc4 a6 7. Be3 c5 8. Nf3
Be6 9. Bxe6 Qxe6 10. O-O Nc6 11. Nd5 Kd8 12. Qd3 Be7 13. Nb6 Rb8 14. Bxc5 Nf6
15. e5 Nd7 16. Nxd7 Kxd7 17. exd6 Bxd6 18. Rad1 Rbd8 19. Bxd6 Kc8 20. Qa3 Rhe8
21. Rfe1 Qf6 22. Rxe8 Rxe8 23. Qa4 Rd8 24. Qa3 Qh6 25. b3 f5 26. h3 g5 27. c4 g4
28. hxg4 fxg4 29. Nh2 Ne5 30. Qc5+ Nc6 31. Qf5+ Rd7 32. Nxg4 Qg7 33. Bf8 Qf7 34.
Qxd7+ Qxd7 35. Rxd7 Kxd7 36. Nf6+ Ke6 37. Nxh7 Kf5 38. Ba3 b5 39. cxb5 axb5 40.
Nf8 Nd4 41. Nd7 Ne2+ 42. Kf1 Nc3 43. Nb8 Nxa2 44. Na6 Nc3 45. Nc7 Ke4 46. g3 Kf3
47. Bc5 Ne4 48. Ba7 Nd2+ 49. Ke1 Nxb3 50. Nxb5 Na5 51. Nd6 Nc6 52. Be3 Ne5 53.
Ba7 Kg4 54. Ke2 Ng6 55. Ke3 Ne5 56. Ne4 Nc4+ 57. Ke2 Kf5 58. Kf3 Ne5+ 59. Ke3
Kg4 60. Nf6+ Kf5 61. Nd5 Ke6 62. Ke4 Ng4 63. f4 Nf2+ 64. Bxf2 1-0

[Event "AUTO-ADV-3350"]
[Site "http://www.queenalice.com/game.php?id=1340011"]
[Date "2015.2.7"]
[Round "1"]
[White "luizpessoa"]
[Black "forever"]
[Result "0-1"]
[WhiteElo "1713"]
[BlackElo "1959"]

1. e4 e5 2. Nf3 d5 3. Nxe5 dxe4 4. Qe2 Nf6 5. d3 Qd4 6. Nc4 Be7 7. dxe4 Nxe4 8.
Be3 Qf6 9. c3 O-O 10. Qd3 Bf5 11. Qe2 b5 12. Ncd2 b4 13. Bd4 Qc6 14. Nxe4 Bxe4
15. f3 Bh4+ 16. Kd1 Bf5 17. Qe5 Qg6 18. Qxc7 Bc2+ 19. Kc1 Nc6 20. Nd2 Nxd4 21.
cxd4 Rac8 22. Qxc8 Rxc8 23. b3 Bxb3+ 24. Kb2 Qc2# 0-1

[Event "AUTO-ADV-3350"]
[Site "http://www.queenalice.com/game.php?id=1340012"]
[Date "2015.2.7"]
[Round "1"]
[White "forever"]
[Black "luizpessoa"]
[Result "1-0"]
[WhiteElo "2000"]
[BlackElo "1722"]

1. c4 d5 2. cxd5 Qxd5 3. Nf3 Bg4 4. Nc3 Qe6 5. Ng5 Qe5 6. d4 Qf5 7. Qb3 b6 8. e4
Qf6 9. Be3 h6 10. e5 Qg6 11. Qd5 c6 12. Bb5 hxg5 13. Ba4 Bd7 14. Qf3 Nh6 15. Nb5
Kd8 16. Na3 e6 17. O-O Bxa3 18. bxa3 b5 19. Bb3 a5 20. a4 b4 21. Qe2 Nf5 22. f3
Qh5 23. g4 Ng3 24. Qg2 Nxf1 25. gxh5 Nxe3 26. Qxg5+ Kc7 27. Qxe3 Rxh5 28. Rc1 g6
29. d5 exd5 30. Bxd5 Na6 31. Bxf7 Rah8 32. Qa7+ Kd8 33. e6 Bxe6 34. Rd1+ Bd5 35.
Be6 R8h7 36. Qb6+ Nc7 37. Re1 Rxh2 38. Qb8+ Ke7 39. Bg8+ Be6 40. Qxc7+ Kf6 41.
Bxh7 Rxh7 42. Qxh7 Bxa2 43. Qh4+ Kg7 44. Re7+ Kf8 45. Qf6+ Bf7 46. Qxf7# 1-0

[Event "AUTO-ADV-3350"]
[Site "http://www.queenalice.com/game.php?id=1340013"]
[Date "2015.2.7"]
[Round "1"]
[White "luizpessoa"]
[Black "roqqk"]
[Result "0-1"]
[WhiteElo "1702"]
[BlackElo "1710"]

1. e4 e5 2. Bc4 Nf6 3. d3 d6 4. Bg5 a6 5. Nc3 h6 6. Bxf6 Qxf6 7. Nd5 Qd8 8. Qf3
f6 9. Bb3 Nc6 10. Qh5+ Kd7 11. Qf7+ Ne7 12. Nxe7 Qxe7 13. Qg6 b5 14. Bd5 Rb8 15.
Nf3 Kd8 16. Nh4 Be6 17. Bc6 Rb6 18. Bd5 Bxd5 19. exd5 e4 20. dxe4 c6 21. dxc6
Rxc6 22. O-O-O Rc4 23. Rhe1 d5 24. Rxd5+ Kc7 25. Qg3+ Kb6 26. Nf5 Qe6 27. Nd6
Ka5 28. Nb7+ Kb6 29. Nd8 Qc8 30. c3 Bb4 31. Qe3+ Bc5 32. Rxc5 Qxc5 33. Qxc5+
Rxc5 34. Ne6 Rh5 35. Nxg7 Rxh2 36. Rg1 Rg8 37. Nf5 Rgxg2 38. Rxg2 Rxg2 39. Nxh6
Rxf2 40. Ng4 Rf4 41. Nh2 Rxe4 42. Nf3 f5 43. Kc2 f4 44. Kd2 Re3 45. a3 Rxf3 46.
Ke2 Rh3 47. Kf2 Kc5 48. Ke2 f3+ 49. Ke3 Kd5 50. b3 f2+ 51. Kxf2 Rxc3 52. Ke2
Rxb3 53. Kd2 Rxa3 54. Kc2 b4 55. Kb2 Rc3 56. Ka2 Ra3+ 57. Kb2 Kc4 58. Kc2 b3+
59. Kb1 Kc3 60. Kc1 b2+ 61. Kb1 Ra1# 0-1

[Event "AUTO-ADV-3350"]
[Site "http://www.queenalice.com/game.php?id=1340014"]
[Date "2015.2.7"]
[Round "1"]
[White "roqqk"]
[Black "luizpessoa"]
[Result "1-0"]
[WhiteElo "1656"]
[BlackElo "1756"]

1. e4 b6 2. d4 d5 3. Nc3 e6 4. Bf4 dxe4 5. g3 Bb4 6. Qe2 Bb7 7. Qc4 Bxc3+ 8.
Qxc3 e3 9. f3 Qd5 10. Qxc7 Nd7 11. Bb5 Nf6 12. c4 Qxd4 13. Rd1 Qc5 14. Bxd7+
Nxd7 15. Qxd7+ Kf8 16. Bd6+ Qxd6 17. Qxd6+ Ke8 18. Qd7+ Kf8 19. Qxb7 Re8 20. Rd7
g6 21. Rxf7+ Kg8 22. Qd7 Rf8 23. Rg7# 1-0

[Event "AUTO-OPEN-3432"]
[Site "http://www.queenalice.com/game.php?id=1340273"]
[Date "2015.2.9"]
[Round "1"]
[White "roqqk"]
[Black "luizpessoa"]
[Result "1-0"]
[WhiteElo "1633"]
[BlackElo "1722"]

1. e4 e5 2. Nf3 d6 3. d4 exd4 4. Nxd4 Nf6 5. Qe2 Qe7 6. Nc3 Nc6 7. Nxc6 bxc6 8.
Qc4 Bb7 9. Bg5 h6 10. Bf4 c5 11. O-O-O O-O-O 12. g3 Nxe4 13. Re1 d5 14. Qa4 Nxc3
15. Bh3+ Kb8 16. bxc3 Qf6 17. Be5 Qxf2 18. Bxc7+ Kxc7 19. Qa5+ Kc6 20. Qxd8 Kb5
21. Qb8 Kb6 22. Qd8+ Ka6 23. Re8 Qf3 24. Rhe1 Qxc3 25. Bc8 Qa3+ 26. Kd2 Qb4+ 27.
c3 Qb2+ 28. Ke3 Qxc3+ 29. Kf2 Qd2+ 30. R1e2 Qd4+ 31. R8e3 Qf6+ 32. Qxf6+ gxf6
33. Ra3+ Kb6 34. Rb2+ Kc6 35. Bxb7+ Kd6 36. Re2 Bg7 37. Ra6+ Kc7 38. Bxd5 Rd8
39. Re7+ Kb8 40. Bf3 f5 41. Raxa7 Bd4+ 42. Kg2 c4 43. Ra8# 1-0

[Event "AUTO-OPEN-3432"]
[Site "http://www.queenalice.com/game.php?id=1340274"]
[Date "2015.2.9"]
[Round "1"]
[White "luizpessoa"]
[Black "roqqk"]
[Result "1-0"]
[WhiteElo "1702"]
[BlackElo "1750"]

1. e4 e5 2. Nf3 d6 3. d4 Nc6 4. Bb5 Bd7 5. d5 Nce7 6. Bc4 h6 7. Be3 Ng6 8. Nc3
a6 9. h3 Nh4 10. O-O g5 11. Nxh4 gxh4 12. Be2 Qf6 13. Bg4 O-O-O 14. Bxd7+ Rxd7
15. f4 Ne7 16. fxe5 Qxe5 17. Bd4 Qg3 18. Bxh8 Ng6 19. Qd4 Nf4 20. Rxf4 Qxf4 21.
Rf1 c5 22. dxc6 Qg3 23. cxd7+ Kxd7 24. e5 Qg8 25. Qg4+ Qxg4 26. hxg4 dxe5 27.
Rxf7+ Be7 28. Bxe5 Ke6 29. Rh7 Bc5+ 30. Kh2 Kxe5 31. Rxh6 Bd4 32. Rh5+ Kf4 33.
Rxh4 Kg5 34. Kh3 b5 35. Rh5+ Kg6 36. Nd1 b4 37. Rd5 Bb6 38. Rd6+ Kf7 39. Rxb6 a5
40. Ne3 Ke7 41. g5 Kf7 42. Nf5 a4 43. g6+ Kg8 44. g7 Kf7 45. Rb8 b3 46. g8=Q+
1-0

[Event "AUTO-OPEN-3432"]
[Site "http://www.queenalice.com/game.php?id=1340297"]
[Date "2015.2.9"]
[Round "1"]
[White "miltonloviski"]
[Black "luizpessoa"]
[Result "1-0"]
[WhiteElo "2020"]
[BlackElo "1727"]

1. e4 e5 2. Nf3 d6 3. Bc4 Bg4 4. h3 Bh5 5. g4 Bg6 6. d3 Be7 7. h4 h6 8. Nc3 a6
9. h5 Bh7 10. Nh2 Bg5 11. Qf3 Nf6 12. Nd5 c6 13. Nxf6+ Bxf6 14. g5 hxg5 15. Bxg5
Nd7 16. Ng4 O-O 17. Bxf6 Nxf6 18. Nxf6+ Qxf6 19. Qxf6 gxf6 20. O-O-O Kh8 21.
Rdg1 b5 22. Bb3 a5 23. a3 b4 24. axb4 axb4 25. h6 Bg6 26. Kd2 Kh7 27. Rf1 f5 28.
f3 fxe4 29. fxe4 c5 30. Rf6 Ra6 31. c3 bxc3+ 32. Kxc3 Rc8 33. Bxf7 Bxf7 34.
Rxf7+ Kh8 35. Rg1 c4 36. Rgg7 cxd3+ 37. Kxd3 Raa8 38. Rh7+ Kg8 39. Rfg7+ Kf8 40.
Rh8# 1-0

[Event "AUTO-OPEN-3432"]
[Site "http://www.queenalice.com/game.php?id=1340298"]
[Date "2015.2.9"]
[Round "1"]
[White "luizpessoa"]
[Black "miltonloviski"]
[Result "0-1"]
[WhiteElo "1724"]
[BlackElo "2064"]

1. d4 d5 2. Nc3 Nf6 3. Bg5 h6 4. Bxf6 exf6 5. g3 Bf5 6. a3 Nc6 7. Bg2 Be6 8. e3
Nb8 9. Bf3 c5 10. dxc5 Bxc5 11. Nge2 O-O 12. Nf4 Qb6 13. b4 Bd6 14. O-O Bxf4 15.
exf4 d4 16. Ne2 Rd8 17. Qd3 Nc6 18. Bxc6 Qxc6 19. Rfd1 Bc4 20. Qf5 Bxe2 21. Rd2
Qf3 22. Qh3 Bb5 23. Qg2 Qc3 24. Rad1 Bc6 25. Qf1 Qf3 26. Qh3 Qh1# 0-1

[Event "Challenge"]
[Site "http://www.queenalice.com/game.php?id=1342940"]
[Date "2015.2.20"]
[Round "-"]
[White "masam2014"]
[Black "luizpessoa"]
[Result "1-0"]
[WhiteElo "1555"]
[BlackElo "1705"]

1. d4 d5 2. c4 Bf5 3. c5 e6 4. e3 Nf6 5. Bb5+ c6 6. Bd3 Bxd3 7. Qxd3 g6 8. Nf3
Bh6 9. O-O Qc7 10. b4 Nbd7 11. Bb2 Ne4 12. Nc3 Ndf6 13. Ne5 O-O-O 14. f3 Nxc3
15. Bxc3 Ng8 16. Ng4 Bg5 17. f4 Be7 18. e4 dxe4 19. Qxe4 Nf6 20. Nxf6 Bxf6 21.
a3 Be7 22. g3 h5 23. Qf3 f5 24. d5 Rxd5 25. Bxh8 a6 26. Rae1 Qd8 27. Rxe6 Qxh8
28. Rxe7 Qd4+ 29. Qe3 Qxe3+ 30. Rxe3 Kd7 31. Rfe1 Rd4 32. Re6 Rd3 33. Rxg6 Rxa3
34. Rg7+ Kd8 35. Rd1+ Kc8 36. Re1 Rd3 37. Re8+ Rd8 38. Rxd8+ 1-0

[Event "Challenge"]
[Site "http://www.queenalice.com/game.php?id=1345259"]
[Date "2015.3.3"]
[Round "-"]
[White "luizpessoa"]
[Black "Bategoll"]
[Result "1-0"]
[WhiteElo "1717"]
[BlackElo "1820"]

1. d4 Nf6 2. Bf4 d5 3. Nc3 c6 4. Be5 Nbd7 5. e3 Nxe5 6. dxe5 Ng4 7. f4 Nxe3 8.
Qe2 Nxf1 9. Qxf1 Bf5 10. O-O-O e6 11. Nf3 h6 12. h3 Qa5 13. Nd4 O-O-O 14. Nb3
Qb4 15. a3 Qb6 16. Qe2 Be7 17. Rd4 c5 18. Rdd1 c4 19. Nd4 Bh7 20. g4 g5 21. f5
Bc5 22. Na4 Qb5 23. Nxb5 1-0